000 00872cam a2200301 i 4500
001 768714001
003 CO-MdFUSB
005 20241205122613.0
007 ta
008 241204t1975 -sp||||| |||| 00| 0 spa d
020 _a84-7228-253-8
040 _cCO-MdFUSB
041 0 _aspa
082 0 4 _223
_a236.9
_bC493r
100 1 _aChatham, Doug
_eautor
245 1 0 _aEl rapto o arrebatamiento :
_bla esperanza más brillante en la doctrina cristiana
_c/ Doug Chatham ; traducido por Oscar Dorantes
264 1 _aTerrassa, Barcelona, España :
_bClie,
_c[1975]
264 4 _c©1975
300 _a82 páginas
336 _atexto
_btxt
_2rdacontent
337 _2rdamedia
_asin mediación
_bn
338 _2rdacarrier
_avolumen
_bnc
563 _aRustico
653 _aEscatología
700 _aDorantes, Oscar
_911180
_etraductor
942 _cBK
945 _aMiguel
999 _c35017
_d35017